[Event "Test anti-draw scoring"]
[Site "SchemingMind.com"]
[Date "2015.10.19"]
[Round "-"]
[White "private napoleon"]
[Black "hardcorepawn"]
[Result "0-1"]
[WhiteCountry "ENG"]
[BlackCountry "GER"]
[WhiteElo "1670"]
[WhiteRD "71"]
[BlackElo "1792"]
[BlackRD "90"]
[GameID "388914"]

1. b3 d5 2. Bb2 c5 3. e3 Nc6 4. d4 e6 5. Nf3 Nf6 6. Nbd2 Bd6 7. Be2 O-O 8. O-O Ne4 9. c4 f5 10. cxd5 exd5
11. dxc5 Bxc5 12. Rc1 Qb6 13. Qc2 Bd6 14. Nd4 Bd7 15. Nxe4 fxe4 16. Qc3 Be5
0-1

[Event "Test anti-draw scoring"]
[Site "SchemingMind.com"]
[Date "2015.10.24"]
[Round "-"]
[White "private napoleon"]
[Black "Helga1946"]
[Result "0-1"]
[WhiteCountry "ENG"]
[BlackCountry "GER"]
[WhiteElo "1670"]
[WhiteRD "71"]
[BlackElo "2284"]
[BlackRD "70"]
[GameID "388915"]

1. d4 Nf6 2. Nf3 e6 3. b3 c5 4. e3 b6 5. Bb2 Be7 6. Bd3 O-O 7. O-O Nc6 8. Nbd2 Bb7 9. Re1 cxd4 10. exd4 Nb4
11. Qe2 Nfd5 12. a3 Nf4 13. Qf1 Nfxd3 14. cxd3 Nc2 15. Rac1 Nxe1 16. Qxe1 Rc8 17. Ne5 Rxc1 18. Qxc1 Qe8 19. Qc7 Qc8 20. Qxc8 Rxc8
21. Nec4 b5 22. Ne3 f5 23. f4 g5 24. g3 gxf4 25. gxf4 Bd6 26. Ndf1 Bxf4 27. Kf2 Bg5 28. Kg3 f4+
0-1

[Event "Test anti-draw scoring"]
[Site "SchemingMind.com"]
[Date "2015.10.23"]
[Round "-"]
[White "Stephen Woodhouse"]
[Black "Kenny Elliott"]
[Result "0-1"]
[WhiteCountry "ENG"]
[BlackCountry "USA"]
[WhiteElo "1935"]
[WhiteRD "50"]
[BlackElo "1575"]
[BlackRD "77"]
[GameID "389157"]

1. e4 c5 2. c3 d6 3. d4 Nd7 4. Nf3 Ngf6 5. Bd3 e5 6. O-O Be7 7. Bg5 Qb6 8. Qb3 Qxb3 9. axb3 b6 10. Nbd2 O-O
11. Bb5 exd4 12. cxd4 h6 13. Bh4 g5 14. Bg3 Nh5 15. Bc6 Rb8 16. Rxa7 Nxg3 17. hxg3 Rd8 18. Rfa1 b5 19. Rc7 Bf8 20. Raa7 Nf6
21. Rxf7 Ne8 22. dxc5 dxc5 23. Ne5 Be6 24. Rfb7 Rxb7 25. Rxb7 Nf6 26. Ndf3 b4 27. Nc4 Rd1+ 28. Kh2 Ng4+ 29. Kh3 Nxf2+ 30. Kh2 Rh1#
0-1

[Event "Test anti-draw scoring"]
[Site "SchemingMind.com"]
[Date "2015.10.24"]
[Round "-"]
[White "Stephen Woodhouse"]
[Black "emvarela"]
[Result "1-0"]
[WhiteCountry "ENG"]
[BlackCountry "ARG"]
[WhiteElo "1935"]
[WhiteRD "50"]
[BlackElo "1700"]
[BlackRD "49"]
[GameID "389158"]

1. e4 e5 2. Nf3 Nc6 3. d4 exd4 4. Nxd4 Nxd4 5. Qxd4 Qf6 6. Be3 Qxd4 7. Bxd4 f6 8. Nc3 Bb4 9. O-O-O Bxc3 10. Bxc3 c6
11. Bc4 b5 12. Be2 Ne7 13. Bh5+ Ng6 14. e5 O-O 15. Bxg6 hxg6 16. f3 fxe5 17. Bxe5 d5 18. Rhe1 Bd7 19. Bd4 a5 20. Re7 Rf7
21. Rde1 Kf8 22. Bc5 Kg8 23. Rxf7 Be8 24. Rfe7 Bf7 25. Rc7 Re8 26. Rxe8+ Bxe8 27. Kd2
1-0

[Event "Test anti-draw scoring"]
[Site "SchemingMind.com"]
[Date "2015.10.24"]
[Round "-"]
[White "Phillip Beckett"]
[Black "Stephen Woodhouse"]
[Result "1/2-1/2"]
[WhiteCountry "ENG"]
[BlackCountry "ENG"]
[WhiteElo "1559"]
[WhiteRD "49"]
[BlackElo "1927"]
[BlackRD "48"]
[GameID "389159"]

1. e4 d5 2. exd5 Qxd5 3. Nc3 Qa5 4. Nf3 Bg4 5. Be2 Nf6 6. h3 Bh5 7. d3 e6 8. O-O Be7 9. Bd2 Qb6 10. Na4 Qd6
11. a3 Nbd7 12. Bb4 c5 13. Bd2 O-O 14. Nc3 Ne5 15. Nxe5 Qxe5 16. Bxh5 Qxh5 17. Qxh5 Nxh5 18. Ne4 Nf6 19. Nxf6+ Bxf6 20. Bc3 Bxc3
21. bxc3 Rfd8 22. Rfe1 Rac8 23. Rab1 b6 24. c4 Kf8 25. a4 Ke7 26. Re5 f6 27. Re4 Rc6 28. Rbe1 Kf7 29. f4 Rd4 30. g4 Rcd6
31. Kf2 Rxe4 32. Rxe4 Rd4 33. Ke3 Rxe4+ 34. Kxe4 Ke7 35. h4 Kd6 36. f5 e5 37. c3=
1/2-1/2

[Event "Test anti-draw scoring"]
[Site "SchemingMind.com"]
[Date "2015.10.23"]
[Round "-"]
[White "Stephen Woodhouse"]
[Black "Timaeus"]
[Result "1-0"]
[WhiteCountry "ENG"]
[BlackCountry "JPN"]
[WhiteElo "1927"]
[WhiteRD "48"]
[BlackElo "1399"]
[BlackRD "77"]
[GameID "389160"]

1. e4 e5 2. Nf3 Nc6 3. d4 exd4 4. Nxd4 Bc5 5. Be3 Bxd4 6. Bxd4 Nxd4 7. Qxd4 d6 8. Nc3 Be6 9. Bb5+ Bd7 10. Qxg7 Qf6
11. Bxd7+ Kxd7 12. Qxf6 Nxf6 13. f3 Rae8 14. O-O-O Nh5 15. g3 Rhg8 16. Rhe1 a5 17. e5 Kc8 18. exd6 Rxe1 19. Rxe1 cxd6 20. Re7 Rg7
21. Nb5 Kd8 22. Rxb7 Rg5 23. Nxd6 Rd5 24. Nxf7+ Kc8 25. Rb5 Nf6 26. Rxd5 Nxd5 27. Kd2
1-0

[Event "Test anti-draw scoring"]
[Site "SchemingMind.com"]
[Date "2015.10.28"]
[Round "-"]
[White "Stephen Woodhouse"]
[Black "private napoleon"]
[Result "1-0"]
[WhiteCountry "ENG"]
[BlackCountry "ENG"]
[WhiteElo "1935"]
[WhiteRD "50"]
[BlackElo "1670"]
[BlackRD "71"]
[GameID "389161"]

1. e4 c5 2. c3 d5 3. exd5 Qxd5 4. d4 g6 5. Be3 Bg7 6. Nf3 Bg4 7. Be2 cxd4 8. cxd4 Nc6 9. O-O Nf6 10. Nc3 O-O
11. Nxd5
1-0

[Event "Test anti-draw scoring"]
[Site "SchemingMind.com"]
[Date "2015.10.23"]
[Round "-"]
[White "Stephen Woodhouse"]
[Black "Scooter"]
[Result "1-0"]
[WhiteCountry "ENG"]
[BlackCountry "USA"]
[WhiteElo "1927"]
[WhiteRD "48"]
[BlackElo "1723"]
[BlackRD "47"]
[GameID "389162"]

1. e4 c6 2. d4 d5 3. exd5 cxd5 4. c4 Nf6 5. Nc3 e6 6. Nf3 Bb4 7. cxd5 Nxd5 8. Bd2 Bxc3 9. bxc3 O-O 10. Bd3 h6
11. O-O a6 12. Ne5 Nd7 13. Qe2 Qc7 14. Qe4 N5f6 15. Qe2 Nxe5 16. dxe5 Nd5 17. Qe4 f5 18. exf6 Nxf6 19. Qg6 b5 20. Bxh6 e5
21. Bg5 Qxc3 22. Rac1 Qd4 23. Rc7 Bd7 24. Bf5 Ra7 25. Bxf6 Rxf6 26. Qh7+ Kf7 27. Rxa7 Qxa7 28. Qh5+ Kg8 29. Bxd7 Qxd7 30. Qxe5 Rd6
31. Re1 Rd1 32. g3 Rxe1+ 33. Qxe1 Kf7 34. Qe4 Qe6 35. Qxe6+ Kxe6 36. Kf1 a5 37. Ke2 g5 38. h4 gxh4 39. gxh4 a4 40. f4 b4
41. Kd3 b3 42. axb3 axb3 43. Kc3 Kf5 44. h5 Kf6 45. Kxb3
1-0

[Event "Test anti-draw scoring"]
[Site "SchemingMind.com"]
[Date "2015.10.23"]
[Round "-"]
[White "Sir Osis of the Liver"]
[Black "Stephen Woodhouse"]
[Result "0-1"]
[WhiteCountry "ENG"]
[BlackCountry "ENG"]
[WhiteElo "1608"]
[WhiteRD "82"]
[BlackElo "1935"]
[BlackRD "50"]
[GameID "389163"]

1. e4 e6 2. d4 d5 3. Nc3 Nf6 4. e5 Nfd7 5. Nf3 c5 6. Nb5 Nc6 7. Nd6+ Bxd6 8. exd6 Nxd4 9. Nxd4 cxd4 10. Qxd4 Qf6
11. Qa4 Qe5+ 12. Be2 Qxd6 13. O-O O-O 14. g3 Nc5 15. Qh4 e5 16. Bg5 f6 17. Bd2 Ne4 18. Bd3 Bf5 19. Bxe4 Bxe4 20. Rad1 Bxc2
21. Rc1 Rac8 22. a3 Bf5 23. Bb4 Qd7 24. Bxf8 Rxf8 25. f3 d4 26. g4 Be6 27. g5 d3 28. g6 hxg6 29. Rcd1 Rc8 30. f4 e4
31. Qf2 Rc2 32. Qxa7 Bh3 33. Rf2 Qg4+ 34. Kh1 Qxd1+ 35. Rf1 Qxf1+
0-1

[Event "Test anti-draw scoring"]
[Site "SchemingMind.com"]
[Date "2015.10.24"]
[Round "-"]
[White "ray winteringham"]
[Black "Stephen Woodhouse"]
[Result "0-1"]
[WhiteCountry "ENG"]
[BlackCountry "ENG"]
[WhiteElo "1484"]
[WhiteRD "52"]
[BlackElo "1927"]
[BlackRD "48"]
[GameID "389164"]

1. e4 e6 2. d4 d5 3. e5 c5 4. c3 Nc6 5. Be3 cxd4 6. cxd4 Bb4+ 7. Nc3 Nge7 8. Bb5 Bd7 9. Ne2 Nxe5 10. Bxd7+ Nxd7
11. a3 Bxc3+ 12. bxc3 Nf5 13. O-O Nxe3 14. fxe3 O-O 15. Qc2 Rc8 16. Rf2 Qa5 17. Rff1 Rc4 18. Rfc1 Rfc8 19. Qb3 Qb6 20. Qa4 Rxa4
0-1

[Event "Test anti-draw scoring"]
[Site "SchemingMind.com"]
[Date "2015.10.24"]
[Round "-"]
[White "Ramesh Panwar"]
[Black "Stephen Woodhouse"]
[Result "1-0"]
[WhiteCountry "IND"]
[BlackCountry "ENG"]
[WhiteElo "2402"]
[WhiteRD "59"]
[BlackElo "1935"]
[BlackRD "50"]
[GameID "389165"]

1. Nf3 e6 2. g3 Nf6 3. Bg2 d5 4. O-O c5 5. c4 Nc6 6. cxd5 exd5 7. d4 Be7 8. dxc5 Bxc5 9. Nc3 O-O 10. Bg5 d4
11. Ne4 Be7 12. Bxf6 Bxf6 13. b4 Nxb4 14. Nxf6+ Qxf6 15. Nxd4 Rd8 16. Qa4 a5 17. e3 Bd7 18. Qa3 Nc6 19. Rad1 b6 20. Qb3 Nxd4
21. Rxd4 Rac8 22. Rf4 a4 23. Qb1 Qe6 24. Rd4 b5 25. Rfd1 Qe7 26. Qd3 Rc7 27. Bh3
1-0

[Event "Test anti-draw scoring"]
[Site "SchemingMind.com"]
[Date "2015.10.23"]
[Round "-"]
[White "Stephen Woodhouse"]
[Black "Eric Caesar"]
[Result "1-0"]
[WhiteCountry "ENG"]
[BlackCountry "NED"]
[WhiteElo "1935"]
[WhiteRD "50"]
[BlackElo "1927"]
[BlackRD "67"]
[GameID "389166"]

1. e4 c5 2. c3 d5 3. exd5 Qxd5 4. d4 Nf6 5. Nf3 e6 6. Be3 cxd4 7. cxd4 Nc6 8. Nc3 Bb4 9. Bd3 O-O 10. O-O Qd8
11. Qe2 b6 12. Rac1 Bb7 13. Rfd1 h6 14. Bb1 Re8 15. Qd3 Bxc3 16. Rxc3 Ne7 17. Ne5 Be4 18. Qe2 Bxb1 19. Rxb1 Ned5 20. Rc4 Rc8
21. Rbc1 Rxc4 22. Rxc4 Nxe3 23. fxe3 Qd5 24. Qf3 Qxf3 25. gxf3 Re7 26. Kf2 g6 27. e4 Rb7 28. Ke3 Nd7 29. Nxd7 Rxd7 30. Kf4 f6
31. Ke3 Kf7 32. Rc8 Re7 33. Kd3 Rd7 34. Kc4= f5 35. Rh8 Kg7 36. Rc8 g5 37. d5 exd5+ 38. exd5 g4 39. fxg4 fxg4 40. Rc6 h5
41. d6 Kf6 42. Kd5 h4 43. Rc3 Rg7 44. Kc6 g3 45. hxg3 hxg3 46. d7 g2 47. d8=Q+ Kf5 48. Qf8+
1-0

[Event "Test anti-draw scoring"]
[Site "SchemingMind.com"]
[Date "2015.10.25"]
[Round "-"]
[White "Helga1946"]
[Black "Stephen Woodhouse"]
[Result "0-1"]
[WhiteCountry "GER"]
[BlackCountry "ENG"]
[WhiteElo "2284"]
[WhiteRD "70"]
[BlackElo "1935"]
[BlackRD "50"]
[GameID "389167"]

1. Nf3 e6 2. Nc3 d5 3. e4 dxe4 4. Nxe4 Be7 5. d4 Nf6 6. Nxf6+ Bxf6 7. c3 O-O 8. Bd3 Nd7 9. O-O e5 10. Nxe5 Nxe5
11. Bxh7+ Kxh7 12. Qh5+ Kg8 13. dxe5 Be7 14. Rd1 Qe8 15. Bg5 Bxg5 16. Qxg5 Be6 17. b3 Rd8 18. h3 Rd7 19. Qe3 b6 20. Qe2 Rxd1+
21. Rxd1 Qe7 22. c4 Rd8 23. g4 Rxd1+ 24. Qxd1 Qd7 25. Qxd7 Bxd7 26. f4 c5 27. Kf2 Kf8 28. Ke2 Ke7 29. Kd3 Bc6 30. Ke3 Ke6
31. h4 Bg2 32. Kf2 Bh3 33. Kf3 g6 34. Kg3 Bf1 35. Kf3 Bd3 36. Ke3 Bb1 37. Kd2 Be4 38. Ke2 Bc2 39. Kd2 Bb1 40. Kc1 Be4
0-1

[Event "Test anti-draw scoring"]
[Site "SchemingMind.com"]
[Date "2015.10.23"]
[Round "-"]
[White "Stephen Woodhouse"]
[Black "hardcorepawn"]
[Result "1-0"]
[WhiteCountry "ENG"]
[BlackCountry "GER"]
[WhiteElo "1927"]
[WhiteRD "48"]
[BlackElo "1848"]
[BlackRD "133"]
[GameID "389168"]

1. e4 a6 2. d4 b5 3. Bd3 e6 4. f4 Bb7 5. Nf3 Nf6 6. Qe2 c5 7. c3 d6 8. O-O Nc6 9. e5 Nd7 10. f5 dxe5
11. fxe6 fxe6 12. Nxe5 Ncxe5 13. dxe5 Qh4 14. Rf4 Qe7 15. Nd2 c4 16. Be4 Nc5 17. Qh5+ Kd8 18. Rf7 Qe8 19. Bxb7 Nxb7 20. Qf3 Bc5+
21. Kh1 Rf8 22. Qxb7 Qxf7 23. Qxa8+ Kc7 24. Qf3 Qe7 25. Qe4 Rf5 26. Nf3 Qd7 27. Be3 Bxe3 28. Qxe3
1-0